Diseño de un sistema de abastecimiento de agua potable, para la comunidad de Maderas Negras del Municipio de Teustepe, Departamento de Boaco para el periodo 2021-2041

El estudio consiste en el diseño de un sistema de abastecimiento de agua potable con un mini-acueducto por bombeo eléctrico (MABE), para la comunidad de Maderas Negras del Municipio de Teustepe, Departamento de Boaco para el periodo 2021-2041

Bibliographic Details
Main Author: López Oporta, María José
Other Authors: Tutor: Alvarez Garcia, Sergio Enrique
Format: Tesis Section = Libro
Language:Undetermined
Spanish
Published: Managua UNI 2022
Subjects:
LEADER 01220nam a2200289Ia 4500
008 240830s9999 xx 000 0 und d
040 |a BIBLIOTECA-RUSB/ Mon 628.72 L864 
041 |a spa 
082 |a Mon 628.72 L864 
100 1 |a López Oporta, María José 
245 1 0 |a Diseño de un sistema de abastecimiento de agua potable, para la comunidad de Maderas Negras del Municipio de Teustepe, Departamento de Boaco para el periodo 2021-2041 
260 |a Managua  |b UNI  |c 2022 
300 |a 58 p. :il. 
500 |a Contiene: anexos y CD. 
502 |a Tesis (Ingeniero Químico) - UNI, 2022. 
520 3 |a El estudio consiste en el diseño de un sistema de abastecimiento de agua potable con un mini-acueducto por bombeo eléctrico (MABE), para la comunidad de Maderas Negras del Municipio de Teustepe, Departamento de Boaco para el periodo 2021-2041 
650 7 |a AGUA POTABLE 
650 7 |b  ABASTECIMIENTO DE AGUA 
650 7 |c  CONSUMO DE AGUA 
650 7 |d  CALIDAD DEL AGUA-NORMA 
650 7 |e  CLORACIÓN 
650 7 |f  DESINFECCIÓN DEL AGUA 
650 7 |g  ACUEDUCTO-DISEÑO Y CONSTRUCCION. 
700 1 |a Tutor:  |b Alvarez Garcia, Sergio Enrique 
942 |c BK  |2 ddc 
991 |a TESIS 
999 |c 27478